Science Quiz

Random Science or Alphabet Quiz

Never-Ending Letters: Elements Quiz Stats

Quiz Updated Nov 7, 2017

Challenge
Share
Tweet
Embed
Score 0/15 Timer 01:00
11 Plays Today
% Correct
Q
87.7%
Z
85.9%
X
82.6%
J
79.6%
V
79.6%
U
74.3%
W
73.1%
F
72.3%
% Correct
B
70.8%
K
68.5%
O
62.8%
I
62.7%
G
61.1%
P
57.9%
A
52%

You're not logged in!

Compare scores with friends on all Sporcle quizzes.
Sign Up with Email
OR
Log In

You Might Also Like...

Show Comments

Extras

Top Quizzes Today


Score Distribution

Your Account Isn't Verified!

In order to create a playlist on Sporcle, you need to verify the email address you used during registration. Go to your Sporcle Settings to finish the process.

Report this User

Report this user for behavior that violates our Community Guidelines.

Details: